| 000 | 01070cam a2200265 a 4500 | ||
|---|---|---|---|
| 005 | 20260322212027.0 | ||
| 008 | data | ||
| 010 | _a 2010052007 | ||
| 020 | _a9781590201848 (hbk.) | ||
| 020 | _a1590201841 (hbk.) | ||
| 040 |
_aDLC _cDLC _dDLC _dBTCTA _dYDXCP _dGK8 _dLF3 _dVP@ _dDLC |
||
| 050 | 0 | 0 |
_aGV1029.9.S74 _bE34 2011 |
| 082 | 0 | 0 |
_aB _aB _222 |
| 092 | _a796.72 E34 2011 | ||
| 100 | 1 |
_aEdelstein, Robert, _d1960- |
|
| 245 | 1 | 0 |
_aNASCAR legends : _bmemorable men, moments, and machines in racing history / _cRobert Edelstein. |
| 260 |
_aNew York : _bOverlook Press, _c2011. |
||
| 300 |
_a316 p. : _bill. ; _c24 cm. |
||
| 504 | _aIncludes bibliographical references (p. [304]-[308]) and index. | ||
| 505 | 0 | _aThe first of its kind -- Feats of clay -- The sky was the limit -- The evolution will be televised -- It's just Bristol -- Man to man -- Father's Day -- His greatest move -- Adam's way -- Pair of aces - Allison reclaimed. | |
| 610 | 2 | 0 |
_aNASCAR (Association) _xHistory. |
| 650 | 0 |
_aStock car racing _xHistory. |
|
| 650 | 0 |
_aStock car drivers _xHistory. |
|
| 001 | data | ||
| 999 |
_c609 _d609 |
||